مبدأ عدم رجعية القرارات الإدارية : (رقم التسجيلة. 85485)

تفاصيل مارك
000 -الفاتح
حقل البيانات ثابتة الطول 01098nam a2200253 4500
001 - رقم الضبط
رقم الضبط
003 - محدد رقم الضبط
رقم الضبط OSt
005 - وقت وتاريخ اخر تعامل مع التسجيلة
رقم الضبط 20230101093207.0
008 - عناصر البيانات ثابتة الطول - معلومات عامة
حقل البيانات ثابتة الطول 121106s2012____jo f 000 0 ara0c
020 ## - الرقم الدولى المعيارى للكتب
الرقم الدولى المعيارى للكتاب 9789957326500
040 ## - مصدر الفهرسة
وكالة الفهرسة الأصلية MA-UN
لغة الفهرسة
وكالة النسخ MA-UN
082 04 - رقم تصنيف ديوى العشرى
رقم الطبعة 21
رقم التصنيف 349.6
رقم المادة ن ا م
100 1# - المدخل الرئيسى - إسم شخصى
الإسم الشخصى النوايسة، أحمد محمد فارس
245 10 - بيان العنوان
العنوان مبدأ عدم رجعية القرارات الإدارية :
بقية العنوان دراسة مقارنة فرنسا-مصر-الأردن /
بيان المسئوليه,etc أحمد محمد فارس النوايسة.
250 ## - بيان الطبعة
بيان الطبعة ط. 1.
260 ## - PUBLICATION, DISTRIBUTION, ETC. (IMPRINT)
مكان الناشر او الموزع عمان، الأردن :
اسم الناشر او الموزع دار الحامد للنشر والتوزيع،
تاريخ النشر أو التوزيع 2012
تاريخ النشر هجري 1433.
300 ## - الوصف المادى
التعداد 171 ص. ؛
أبعاد الوعاء 24 سم.
504 ## - تبصرة ببليوجرافية
تبصرة ببليوجرافية,الخ يشتمل على قائمة ببليوجرافية.
650 #7 - المدخل الاضافى بالموضوع-مصطلح موضوعى
مصطلح موضوعي أو اسم جغرافي كعنصر مدخل القرارات الإدارية
التقسيم الفرعي العام قوانين وتشريعات
التقسيم الفرعي الجغرافي الأردن
650 #7 - المدخل الاضافى بالموضوع-مصطلح موضوعى
مصطلح موضوعي أو اسم جغرافي كعنصر مدخل القرارات الإدارية
التقسيم الفرعي العام قوانين وتشريعات
التقسيم الفرعي الجغرافي مصر
650 #7 - المدخل الاضافى بالموضوع-مصطلح موضوعى
مصطلح موضوعي أو اسم جغرافي كعنصر مدخل القرارات الإدارية
التقسيم الفرعي العام قوانين وتشريعات
التقسيم الفرعي الجغرافي فرنسا
952 ## - LOCATION AND ITEM INFORMATION (KOHA)
نوع المادة فى نظام كوها كتاب
535 2# - تبصرة موقع الأصول / النسخ
المالك 4
942 ## -
-- ddc
-- BOOK
المقتنيات
حالة الفقد نموذج السعر الفعال حالة تلف ليس للاعارة تاريخ الاكتساب رقم الطلب تاريخ الاكتساب الموقع الحالي الباركود الفرع الرئيسي Date last seen مصدر التصنيف او خطة الترفيف Total Checkouts
  2023-01-01   Not For Loan 2023-01-01 349.6 ن ا م 2023-01-01 CL 00089869 المكتبة المركزية بالمجمعة (CL) 2023-01-01 Dewey Decimal Classification